000 00494nam a2200133Ia 4500
008 171212s9999 xx 000 0 und d
020 _a9781911576105
100 _aBentham, Jeremy;Christie, Ian R.;Burns, J.H.
245 _cBentham, Jeremy;Christie, Ian R.;Burns, J.H.
_aCorrespondence of Jeremy Bentham, Volume 3
_bJanuary 1781 to October 1788
260 _bUCL Press
_c2017
440 _aCorrespondence of Jeremy Bentham
650 _aHistory
856 _uhttp://jstor.org/stable/j.ctt1qnw8jw
999 _c352861
_d352861